000
00217 a2200097 4500
001
5518
100
_a
Flagle,CD
245
_a
Operations research & systems engineering
260
_a
_b
Hopkins
_c
090
_c
4530
_d
4530
942
_a
NUST-CAE
_c
M
_c
30857
999
_c
240591
_d
240591